Familie und Sozialisation: Leistungen und Leistungsgrenzen der Familie hinsichtlich des Erziehungs- und Bildungsprozesses der jungen Generation
| Autor Corporativo: | |
|---|---|
| Tipo de documento: | Print Libro |
| Lenguaje: | Alemán |
| Publicado: |
Bonn
Bundesminister für Jugend, Familie und Gesundheit
1975
|
| En: |
Familienbericht (2)
Año: 1975 |
| Disponibilidad en Tübingen: | Disponible en Tübingen. IFK: O V 119 |
| Verificar disponibilidad: | HBZ Gateway |
| Servicio de pedido Subito: | Pedir ahora. |
| Palabras clave: |
MARC
| LEADER | 00000cam a2200000 c 4500 | ||
|---|---|---|---|
| 001 | 1163304255 | ||
| 003 | DE-627 | ||
| 005 | 20260206194119.0 | ||
| 007 | tu | ||
| 008 | 010718s1975 xx ||||| 00| ||ger c | ||
| 035 | |a (DE-627)1163304255 | ||
| 035 | |a (DE-603)033282668 | ||
| 035 | |a (DE-576)093304250 | ||
| 035 | |a (DE-599)BSZ093304250 | ||
| 035 | |a (OCoLC)256350449 | ||
| 035 | |a (OCoLC)256350449 | ||
| 035 | |a (OCoLC)180640319 | ||
| 040 | |a DE-627 |b ger |c DE-627 |e rakwb | ||
| 041 | |a ger | ||
| 084 | |a 1 |2 ssgn | ||
| 084 | |a QX 300 |2 rvk |0 (DE-625)rvk/142182: | ||
| 084 | |a MS 1900 |2 rvk |0 (DE-625)rvk/123624: | ||
| 084 | |a DU 4000 |2 rvk |0 (DE-625)rvk/20046:761 | ||
| 245 | 0 | 0 | |a Familie und Sozialisation |b Leistungen und Leistungsgrenzen der Familie hinsichtlich des Erziehungs- und Bildungsprozesses der jungen Generation |c der Bundesminister für Jugend, Familie und Gesundheit |
| 246 | 3 | 0 | |a Zweiter Familienbericht |
| 246 | 3 | 3 | |a 2. Familienbericht |
| 264 | 1 | |a Bonn |b Bundesminister für Jugend, Familie und Gesundheit |c 1975 | |
| 300 | |a XXVII, 188 S. | ||
| 336 | |a Text |b txt |2 rdacontent | ||
| 337 | |a ohne Hilfsmittel zu benutzen |b n |2 rdamedia | ||
| 338 | |a Band |b nc |2 rdacarrier | ||
| 490 | 1 | |a Familienbericht |v 2 | |
| 500 | |a Literaturverzeichnis: Seiten 178-185 | ||
| 505 | 8 | 0 | |t Stellungnahme der Bundesregierung |
| 505 | 8 | 0 | |t T. 2 Bericht der Sachverständigenkommission |
| 583 | 1 | |a Archivierung/Langzeitarchivierung gewährleistet |c 2022 |f SLG |x XA-DE-BW |2 pdager |5 DE-289 | |
| 583 | 1 | |a Archivierung/Langzeitarchivierung gewährleistet |f SSG |x XA-DE-BW |2 pdager |5 DE-21 | |
| 710 | 2 | |a Deutschland |g Bundesrepublik |b Bundesminister für Jugend, Familie und Gesundheit |0 (DE-588)2028791-4 |0 (DE-627)102308683 |0 (DE-576)19180679X |4 oth | |
| 830 | 0 | |a Familienbericht |v 2 |9 2 |w (DE-627)13016836X |w (DE-576)015711714 |w (DE-600)519944-X |x 0343-8430 |7 am | |
| 935 | |a mteo | ||
| 936 | r | v | |a QX 300 |b Familienpolitik |k Wirtschaftswissenschaften |k Sozialpolitik. Gesundheitswesen. Bildungsökonomie |k Familienpolitik |0 (DE-627)1271092875 |0 (DE-625)rvk/142182: |0 (DE-576)201092875 |
| 936 | r | v | |a MS 1900 |b Allgemeine Darstellungen |k Soziologie |k Spezielle Soziologien |k Familiensoziologie |k Allgemeine Darstellungen |0 (DE-627)1270818015 |0 (DE-625)rvk/123624: |0 (DE-576)200818015 |
| 936 | r | v | |a DU 4000 |b Allgemeines und Deutschland |k Pädagogik |k Pädagogische Soziologie |k Familiensoziologie |k Allgemeines und Deutschland |0 (DE-627)1270809792 |0 (DE-625)rvk/20046:761 |0 (DE-576)200809792 |
| 936 | s | n | |a d100 |2 mzub |
| 936 | s | n | |a m200 |2 mzub |
| 951 | |a BO | ||
| ELC | |b 1 | ||
| LOK | |0 000 xxxxxcx a22 zn 4500 | ||
| LOK | |0 001 2560067102 | ||
| LOK | |0 003 DE-627 | ||
| LOK | |0 004 1163304255 | ||
| LOK | |0 005 20150115091333 | ||
| LOK | |0 008 080110||||||||||||||||ger||||||| | ||
| LOK | |0 040 |a DE-21-110 |c DE-627 |d DE-21-110 | ||
| LOK | |0 689 |a s |a Sozialisation | ||
| LOK | |0 852 |a DE-21-110 | ||
| LOK | |0 852 1 |c O V 119 |m p |9 00 | ||
| LOK | |0 936ln |a 7.3.2.1 | ||
| LOK | |0 938 |k p | ||
| LOK | |0 939 |a 10-01-08 |b l01 | ||
| ORI | |a SA-MARC-krimdoka001.raw | ||
| SIG | |a IFK: O V 119 | ||
